000 02290nas a22002897a 4500
001 216220977
003 UA-OsUOA
005 20230612124820.0
007 ta
008 210706c1969 un ar|p| |||| 00| c ukr d
040 _aUA-OsUOA
_bukr
_cUA-OsUOA
_dUA-OsUOA
041 _aukr
080 _a35
090 _a35
_bЩ92
110 _aЦентр Разумкова
245 _aЩорічник СІПРІ
_bОзброєння, роззброєння та міжнародна безпека
_cЦентр Разумкова
260 _aК.
_bРазумков центр
270 _a01015, Київ, вул. Лаврська, 16 (колишня Мазепи, 34), 2 поверх
310 _aщорічник
505 _a«Щорічник СІПРІ: Озброєння, роззброєння та міжнародна безпека» готується Стокгольмським міжнародним інститутом дослідження миру (SIPRI). Він видається з 1969р. з метою ознайомлення фахівців і громадськості з подіями, явищами і тенденціями у сфері міжнародної безпеки, насамперед — у її військово-політичних і військово-економічних аспектах.
520 _a «Щорічник СІПРІ» (українською мовою) з 2000р. розповсюджується Центром Разумкова серед урядових і парламентських структур, центральних органів влади, провідних вузів, публічних бібліотек обсягом близько 1000 примірників щорічно. Щорічник видається за фінансової підтримки уряду Швейцарії.
650 _2UDC
_a35 Державно-адміністративне управління. Військове мистецтво. Військові науки
856 4 0 _uhttps://www.razumkov.org.ua/vydannia/sipri
942 _2udc
_cEMG
_s1
962 _d1969
999 _c570955
_d570955